| 000 | 01525aab a2200193 i 4500 | ||
|---|---|---|---|
| 001 | 768714001 | ||
| 003 | CO-MdFUSB | ||
| 005 | 20240322102514.0 | ||
| 008 | 240322t1989 ag ||||| |||| 00| 0 spa d | ||
| 040 |
_bspa _cCO-MdFUSB |
||
| 041 | _aspa | ||
| 100 | 1 |
_aRamírez, Eduardo M. _eautor |
|
| 245 | 1 | 0 |
_aCulto y celebración _c/ Eduardo M. Ramírez |
| 300 |
_aVolumen 8, número 2, (junio, 1989), páginas: 35 - 38 _c; 27 cm |
||
| 520 | _aEn nuestro contexto latinoamericano creemos que el bautismo debería ser enfatizado en su aspecto pedagógico - doctrinal. Aún persiste en muchos lugares el concepto del bautismo como algo "mágico-religioso". Otro aspecto que merece nuestra atención son los llamados "coritos" tan populares en América Latina. Debemos admitir que que no todos son buenas y presentan algunos problemas, como por ejemplo: falta de consistencia doctrinal, por estar basados en experiencias personales; falta de armonía entre la letra y la música (especialmente cuando la última oscurece el contenido); tendencia a la repetición sin sentido de palabras, afán por generar el emocionalismo antes que brindar una alabanza consciente al Señor. El culto es un acto voluntario de adoración consciente e inteligente que la iglesia tributa a Dios, como respuesta a la iniciativa divina de acercarse a la raza humana por medio de Jesucristo. | ||
| 650 | 7 |
_aLiturgia _9206 |
|
| 773 | 0 |
_tIglesia y Misión _049402 _959672 _gVolumen 8, número 2, (junio, 1989), páginas: 35 - 38 _qpáginas: 35 |
|
| 942 | _cANA | ||
| 999 |
_c51831 _d51831 |
||